Basic nutrition and diet theraphy textbook for nursing students. / (Record no. 23133)
[ view plain ]
| 000 -LEADER | |
|---|---|
| fixed length control field | 00546nam a2200181 a 4500 |
| 005 - DATE AND TIME OF LATEST TRANSACTION | |
| control field | 20140310183441.0 |
| 008 - FIXED-LENGTH DATA ELEMENTS--GENERAL INFORMATION | |
| fixed length control field | 081111s19uu xx 00 eng d |
| 020 ## - INTERNATIONAL STANDARD BOOK NUMBER | |
| International Standard Book Number | 9789715846790 |
| 050 ## - LIBRARY OF CONGRESS CALL NUMBER | |
| Classification number | RM 217 |
| Item number | .C371 2008 |
| 100 ## - MAIN ENTRY--PERSONAL NAME | |
| Personal name | Caudal, Maria Lourdes C. |
| 245 ## - TITLE STATEMENT | |
| Title | Basic nutrition and diet theraphy textbook for nursing students. / |
| Statement of responsibility, etc | Maria Lourdes C. Caudal. |
| 260 ## - PUBLICATION, DISTRIBUTION, ETC. (IMPRINT) | |
| Place of publication, distribution, etc | Quezon City : |
| Name of publisher, distributor, etc | C&E publishing, |
| Date of publication, distribution, etc | 2008. |
| 300 ## - PHYSICAL DESCRIPTION | |
| Extent | 317 p. : |
| Other physical details | ill. ; |
| Dimensions | 21 cm. |
| 521 ## - TARGET AUDIENCE NOTE | |
| Target audience note | |
| 650 ## - SUBJECT ADDED ENTRY--TOPICAL TERM | |
| Topical term or geographic name as entry element | Nutrition. |
| 942 ## - ADDED ENTRY ELEMENTS (KOHA) | |
| Koha item type | Books |
| Source of classification or shelving scheme | Library of Congress Classification |
| Call number prefix | Local |
| Withdrawn status | Lost status | Source of classification or shelving scheme | Damaged status | Home library | Current library | Shelving location | Date acquired | Source of acquisition | Total Checkouts | Full call number | Barcode | Date last seen | Copy number | Price effective from | Koha item type | Sub Shelving location |
|---|---|---|---|---|---|---|---|---|---|---|---|---|---|---|---|---|
| Library of Congress Classification | College Library | College Library | General Circulation Section | 08/20/2010 | RM 217 .C371 2008 | C9456 | 05/15/2018 | 1 | 10/18/2013 | Books | ||||||
| Library of Congress Classification | College Library | College Library | General Circulation Section | 08/25/2015 | Donation | RM 217 .C371 2008 | C19777 | 05/15/2018 | 08/25/2015 | Books |